Movie Scars Quiz Stats

Quiz Updated Dec 23, 2015

Challenge
Share
Tweet
Score 0/20 Timer 05:00
0 Plays Today
% Correct
Edward Scissorhands
96.8%
The Lion King
96.2%
Finding Nemo
92.2%
Austin Powers: International Man of Mystery
87.5%
A Nightmare on Elm Street
81.4%
Inglourious Basterds
75.8%
The Dark Knight
71.8%
The Princess Bride
71%
Gladiator
65.8%
Sin City
63.7%
% Correct
Star Wars: Episode III - Revenge of the Sith
63.5%
Raiders of the Lost Ark
63.2%
Avatar
55.1%
Grease
52.6%
Platoon
49.5%
Daredevil
41.7%
Slumdog Millionaire
35.1%
Army of Darkness
24.9%
Die Another Day
23.2%
Mary Shelley's Frankenstein
19.7%

You're not logged in!

Compare scores with friends on all Sporcle quizzes.
Sign Up with Email
OR
Log In

You Might Also Like...

Show Comments

Extras

Top Quizzes Today


Score Distribution

Your Account Isn't Verified!

In order to create a playlist on Sporcle, you need to verify the email address you used during registration. Go to your Sporcle Settings to finish the process.